Snow lotus/ (Record no. 181836)

000 -LEADER
fixed length control field 00398nam a2200169 4500
020 ## - INTERNATIONAL STANDARD BOOK NUMBER
ISBN 9789359623849
082 ## - DEWEY DECIMAL CLASSIFICATION NUMBER
Classification number M3
Item number SON/S
100 ## - MAIN ENTRY--AUTHOR NAME
Personal name Sonia Cherian
245 ## - TITLE STATEMENT
Title Snow lotus/
Statement of responsibility, etc by Sonia Cherian
250 ## - EDITION STATEMENT
Edition statement 8
260 ## - PUBLICATION, DISTRIBUTION, ETC. (IMPRINT)
Place of publication Kozhikode:
Name of publisher Mathrubhumi Books,
Year of publication 2025.
300 ## - PHYSICAL DESCRIPTION
Number of Pages 304p.
650 ## - SUBJECT ADDED ENTRY--TOPICAL TERM
Topical Term Novel Malayalam
650 ## - SUBJECT ADDED ENTRY--TOPICAL TERM
Topical Term Literature Malayalam
650 ## - SUBJECT ADDED ENTRY--TOPICAL TERM
Topical Term Literature
942 ## - ADDED ENTRY ELEMENTS (KOHA)
Koha item type Book
Holdings
Withdrawn status Lost status Damaged status Not for loan Permanent Location Current Location Shelving location Date acquired Cost, normal purchase price Full call number Accession Number Price effective from Koha item type
        Sree Sankaracharya University of Sanskrit Sree Sankaracharya University of Sanskrit Stacks 26.05.2026 350.00 M3 SON/S 108973 26.05.2026 Book